Zásadné otázky rozvoja vedy a techniky na Slovensku zborník : Žilina - Dom techniky ZSVTS, 24.-25. 11. 1992 1. diel

Bibliographic Details
Format: Book
Language:Slovak
Published: Žilina Bratislava Bratislava Dom techniky ZSVTS Ministerstvo školstva a vedy SR Ministerstvo hospodárstva SR 1992
Edition:1. vyd.
Subjects:

MARC

LEADER 00000nam a2200000 a 4500
001 vtls001070663
003 SK-MaSNL
005 20260301062016.0
008 240226s1992 xo f 100 0 slo
015 |a SNBA1993/03 
020 |a 8023102680 
035 |a SNK000013494 
035 |a urn:nbn:sk:snk-amkppe 
035 |a urn:nbn:sk:snk-am005f8q 
035 |a 9E5E20BF-D181-4C3C-8E52-56A693CF572B 
040 |a SNK  |b slo  |c SNK  |e AACR2 
041 0 |a slo 
044 |a xo  |c SK 
080 |a 330.341.1(082)  |2 1981 
245 0 0 |a Zásadné otázky rozvoja vedy a techniky na Slovensku  |n 1. diel  |b zborník : Žilina - Dom techniky ZSVTS, 24.-25. 11. 1992 
250 |a 1. vyd. 
260 |a Žilina  |b Dom techniky ZSVTS  |a Bratislava  |b Ministerstvo školstva a vedy SR  |a Bratislava  |b Ministerstvo hospodárstva SR  |c 1992 
300 |a 127 s.  |b sch., tab.  |c 20 cm 
366 |e 130 výt. 
650 0 7 |a vedecko-technický rozvoj  |2 SNK  |9 3999 
655 7 |a zborníky konferencií  |2 SNK  |9 70153 
919 |a 80-231-0268-0 
958 |a RM 
999 |c 619087  |d 621017 
952 |t P60, <04>, [BOOK], {604}  |a SNK  |b SNK  |y VYP  |7 0  |p 17A0299993  |o snkSC 83229/1 D1  |i snkKSP 1749/93  |0 0  |1 0  |4 0  |d 2001-05-14  |f 1  |l 0  |r 2004-12-31 00:00:00  |w 2026-02-23 
952 |a SNK  |b SNK  |y PREZ  |7 0  |p 17A1009453  |o snkSC 83229/1   |0 0  |1 0  |4 0  |d 2012-08-15  |l 0  |r 2025-08-20 00:00:00  |w 2026-02-23